000 00642nam a22002057a 4500
003 0
005 20230830141646.0
008 230830b xxu||||| |||| 00| 0 eng d
020 _a978-621-406-026-9
050 _aDS 668
_b.T89 2021
100 _aTuzon, Ma. Aurora Caday
245 _aHistory of the Philippines
_cMa. Aurora R. Tuzon-Caday
260 _aManila
_bMindshapers Co., Inc.
_cc2021.
300 _aviii, 210 pages ;
_c25 cm.
500 _aDemocracy--Philippines.
504 _aIncludes bibliographical references and glossary.
650 _aDemocracy--Philippines.
650 _aPhilippines--History.
942 _2lcc
_cBK
999 _c365230
_d365230